00249nam a2200097Ia 450000100070000000500170000700800410002424500520006526000260011730000080014358887820250717120839.0250717s9999 xx 000 0 und d 0aY-7 BAHAEDDİN NAKŞİBENDcASUMAN ŞAHİN bERDEM YAYINLARIc2020 b125